Extractive metallurgy of Copper
Saved in:
| Hovedforfatter: | |
|---|---|
| Format: | Bog |
| Sprog: | engelsk |
| Udgivet: |
Quebec
Métallurgie Extractive Québec
2012
|
| Fag: | |
| Tags: |
Tilføj Tag
Ingen Tags, Vær først til at tagge denne postø!
|
MARC
| LEADER | 00000cam a2200000 a 4500 | ||
|---|---|---|---|
| 001 | UCF7568 | ||
| 003 | CL-VaPUC | ||
| 008 | 130627e20120000CN |||||||||||||||||eng|d | ||
| 020 | |a 9782922686197 | ||
| 082 | 0 | 4 | |a 669.3 |b HAB |2 21 |
| 100 | |a Habashi, Fathi |e author |9 622016 | ||
| 245 | 1 | 0 | |a Extractive metallurgy of Copper |
| 300 | |a 402 p | ||
| 942 | |c BK | ||
| 945 | |d 20130627 00:00:00 |a dcastane | ||
| 260 | |a Quebec |b Métallurgie Extractive Québec |c 2012 | ||
| 650 | 0 | |a Cobre |9 255767 | |
| 650 | 7 | |a METALURGIA EXTRACTIVA |2 CL-VaPUC |9 340474 | |
| 650 | 0 | |a Industria metalúrgica |9 364008 | |
| 583 | |a last modification |c 20130627 13:18:00 |k Rodrigo Vera | ||
| 999 | |c 352386 |d 352384 | ||
| 952 | |0 0 |1 0 |4 0 |6 669_300000000000000_HAB_2012 |7 0 |8 A |9 456893 |a BIBING |b BIBING |d 2019-11-22 |i 4981626 |o 669.3 HAB 2012 |p 4981626 |r 2025-01-20 |w 2019-11-22 |y BK |k EIQ | ||